| 000 | 00728nam a2200265Ia 4500 | ||
|---|---|---|---|
| 005 | 20260121172858.0 | ||
| 008 | 008 260114s9999 xx 000 0 eng d | ||
| 020 | _a9783030918149 | ||
| 037 | _aEBOOK | ||
| 040 | _aCRL | ||
| 040 | _beng | ||
| 040 | _cCRL | ||
| 041 | _2eng | ||
| 041 | _aeng | ||
| 084 | _qCRL | ||
| 100 |
_aPeter F. Stadler, Maria Emilia M. T. Walter, Maribel Hernandez-Rosales, Marcelo M. Brigido _91093864 |
||
| 245 | 0 | _aAdvances in Bioinformatics and Computational Biology | |
| 260 | _bSpringer | ||
| 260 | _bSpringer | ||
| 260 | _c2021 | ||
| 856 | _uhttps://link.springer.com/openurl?genre=book&isbn=978-3-030-91814-9 | ||
| 942 | _cEBOOK | ||
| 999 |
_c1659606 _d1659606 |
||